|
|
|
|
| LEADER |
00793nab a2200241 i 4500 |
| 001 |
misc63613 |
| 005 |
20221006122210.0 |
| 008 |
220620s1933 hu o 0|| eng d |
| 040 |
|
|
|a SZTE Miscellanea Repozitórium
|b hun
|
| 041 |
|
|
|a eng
|
| 041 |
|
|
|a lat
|
| 100 |
1 |
|
|a Macartney Carlile Aylmer
|
| 245 |
1 |
4 |
|a The end of the Huns
|h [elektronikus dokumentum] /
|c Macartney Carlile Aylmer
|
| 260 |
|
|
|a Chronika
|b Athen
|c 1933
|
| 300 |
|
|
|a 106-114
|c 24 cm
|
| 300 |
|
|
|a [9] p.
|c 24 cm
|
| 490 |
0 |
|
|a Byzantinisch-Neugriechische Jahrbücher
|
| 561 |
|
|
|a Németh Gyula hagyaték
|
| 591 |
|
|
|a NOA 3356
|
| 650 |
|
4 |
|a Bölcsészettudományok
|
| 650 |
|
4 |
|a Történettudomány és régészet
|
| 695 |
|
|
|a Hunok története
|
| 856 |
4 |
0 |
|u http://misc.bibl.u-szeged.hu/63613/1/3356_noa_m10.pdf
|z Dokumentum-elérés
|